Atlanta Hawks 2020's Starters - Statistics

General Stats
  • This quiz has been taken 591 times
    16 since last reset
  • The average score is 8 of 14
Answer Stats
Player Starts % Correct
Trae Young 5
100%
Clint Capela 5
93%
Jalen Johnson 3
93%
Dyson Daniels 2
80%
John Collins 4
67%
Kevin Huerter 3
67%
Nickeil Alexander-Walker 1
67%
Zaccharie Risacher 2
67%
Onyeka Okongwu 1
60%
Bogdan Bogdanović 1
47%
De'Andre Hunter 3
47%
Dejounte Murray 2
40%
Damian Jones 1
7%
Saddiq Bey 1
7%
No matching quizzes found
Score Distribution
Percent of People with Each Score
Percentile by Number Answered
Your Score History
You have not taken this quiz since the last reset